• 首页
  • 本馆介绍
  • 公告通知
  • 最新文献
  • 馆藏检索
  • 电子资源
  • 读者导购
  • 参考咨询
  • 我的图书馆
  • 登录
  • 详细信息显示
  • 放入我的书架
  • 预约/预借图书
  • 作者相关作品
  • 分类相关作品
  • 丛书相关作品
  • 出版社相关作品

书目信息

  • 表格格式
  • 工作单格式
  • 卡片格式
题名:
振动
    
 
作者: 守田荣 著 ;高鹏 , 张锡声 译
分册:  
出版信息: 北京   科学出版社  1985
页数: 130页
开本: 19cm
丛书名: 环境保护科普丛书
单 册:
中图分类: TB53
科图分类:
主题词: 振动公害
电子资源:
ISBN:
000 00788nam2 2200289 45
001 0185018809
005 20060810093023.17
010    @dCNY0.82
091    @a13031.2834
100    @a19901021d1985 em y0chiy0121 ea
101 1  @achi@cjpn
102    @aCN@b110000
105    @aa z 000yy
200 10 @a振动@Azhen dong@e被忽视的环境公害@f(日)守田荣著@g高鹏, 张锡声译
210    @a北京@c科学出版社@d1985
215    @a130页@c图@d19cm
225 2  @a环境保护科普丛书
300    @a根据1978年日文版译出
410  0 @120010@a环境保护科普丛书
606    @a振动公害
690    @aTB53@v3
701  0 @a守田荣@Ashou tian rong@4著
702  0 @a高鹏@Agao peng@4译
702  0 @a张锡声@Azhang xi sheng@4译
801  2 @aCN@bNLC@c20060810
801  0 @aCN@bTSSF
905    @a10447@dTB53@e123
    
    振动:被忽视的环境公害/(日)守田荣著/高鹏, 张锡声译.-北京:科学出版社,1985
    130页:图;19cm.-(环境保护科普丛书)
    根据1978年日文版译出
    
    ISBN :CNY0.82
    
●
相关链接 在E读中查询图书 在五车中查询图书 在当当中查询图书 在豆瓣中查询图书


正题名:振动     索取号:TB53/123         预约/预借

序号 登录号 条形码 馆藏地/架位号 状态 备注
1 0452101   204521017   密集书库/ [索取号:TB53/123] 在馆    
唐山师范学院图书馆 欢迎您!
大连网信软件有限公司© 版权所有